| 000 | 00574nam a2200193 i 4500 | ||
|---|---|---|---|
| 001 | 85494 | ||
| 003 | ES-MaACL | ||
| 007 | t| | ||
| 008 | 041129q1945 sp ||||1| spa d | ||
| 100 | 1 |
_aJucker, Ernet. _967179 |
|
| 245 | 1 | 3 |
_aLa Rusia actual / _cErnet Jucker ; traducida por Ricardo Wisental. |
| 260 |
_aBarcelona : _bMateu, _c[1945?] ( _fPulcra) |
||
| 300 |
_a335 p. ; _c21 cm. |
||
| 490 | 1 | _aGrandes actualidades | |
| 700 | 1 |
_aWisental, Ricardo. _9117149 |
|
| 830 | 0 |
_aGrandes actualidades _9180894 |
|
| 852 |
_aES-MaACL _jE-2143 _bR.23314 |
||
| 999 |
_c85494 _d85494 |
||